[Event "Sicilian Accelerated Dragon"]
[Site "SchemingMind.com"]
[Date "2010.08.31"]
[Round "-"]
[White "Naoki_M"]
[Black "Nut"]
[Result "0-1"]
[WhiteCountry "JPN"]
[BlackCountry "USA"]
[WhiteElo "1735"]
[WhiteRD "72"]
[BlackElo "1914"]
[BlackRD "70"]
[GameID "258602"]

1. e4 c5 2. Nf3 Nc6 3. d4 cxd4 4. Nxd4 g6 5. Nc3 Bg7 6. Be3 Nf6 7. Nxc6 bxc6 8. Bd3 d6 9. O-O Ng4 10. h3 Nxe3
11. fxe3 O-O 12. Qd2 Rb8 13. Rab1 Qa5 14. b4 Qg5 15. Nd1 Bxh3 16. Rf2 Be6 17. c4 Be5 18. Kf1 Qh5 19. Ke1 Bg3 20. Rb2 Qh1+
21. Ke2 Bg4+ 22. Rf3 Qxg2+ 23. Nf2 Qxf2+ 24. Kd1 Qxf3+ 25. Kc2 Qf6 26. a3 Be5 27. Rb3 a5 28. Rb1 axb4 29. axb4 Ra8 30. Kc1 Ra3
31. Bc2 Qf1+
0-1

[Event "Sicilian Accelerated Dragon"]
[Site "SchemingMind.com"]
[Date "2010.08.31"]
[Round "-"]
[White "Nut"]
[Black "Naoki_M"]
[Result "1-0"]
[WhiteCountry "USA"]
[BlackCountry "JPN"]
[WhiteElo "1955"]
[WhiteRD "72"]
[BlackElo "1718"]
[BlackRD "75"]
[GameID "258609"]

1. e4 c5 2. Nf3 Nc6 3. d4 cxd4 4. Nxd4 g6 5. c4 Nf6 6. Nc3 d6 7. Nc2 Bg7 8. Be2 O-O 9. O-O e5 10. Be3 a6
11. Qd2 Qc7 12. Rad1 Rd8 13. Na4 Be6 14. Bb6 Qd7 15. Bxd8 Rxd8 16. Nc3 Ne8 17. Nd5 Bxd5 18. cxd5 Nd4 19. Nxd4 exd4 20. Bd3 Nc7
21. f4 b5 22. f5 Ne8 23. Rc1 Be5 24. Rc6 Nc7 25. Qa5 Rc8 26. Rfc1 Bf4 27. Rxc7 Rxc7 28. Rxc7 Qe8 29. Qxa6 Kg7 30. Qxb5 Qxb5
31. Bxb5 Kf6 32. g4 g5 33. Kf2 Bxh2 34. Kf3 h6 35. Rc1 Ke7 36. Rh1 Bf4 37. Rxh6
1-0

[Event "Sicilian Accelerated Dragon"]
[Site "SchemingMind.com"]
[Date "2010.09.27"]
[Round "-"]
[White "cnbcad"]
[Black "Wojciech  Langer"]
[Result "1-0"]
[WhiteCountry "USA"]
[BlackCountry "INT"]
[WhiteElo "1697"]
[WhiteRD "60"]
[BlackElo "1617"]
[BlackRD "96"]
[GameID "261299"]

1. e4 c5 2. Nf3 Nc6 3. d4 cxd4 4. Nxd4 g6 5. Nxc6 bxc6 6. Nd2 e5 7. Bc4 Bc5 8. Qf3 Qe7 9. O-O Qf6 10. Qg3 d6
11. Nb3 h6 12. Nxc5 dxc5 13. f4 Be6 14. fxe5 Qg7 15. Bxe6 fxe6 16. Be3 Ne7 17. Rf6 Qg8 18. Bxc5 Rh7 19. Raf1
1-0

[Event "Sicilian Accelerated Dragon"]
[Site "SchemingMind.com"]
[Date "2010.09.28"]
[Round "-"]
[White "Wojciech  Langer"]
[Black "cnbcad"]
[Result "1-0"]
[WhiteCountry "INT"]
[BlackCountry "USA"]
[WhiteElo "1629"]
[WhiteRD "95"]
[BlackElo "1599"]
[BlackRD "60"]
[GameID "261303"]

1. e4 c5 2. Nf3 Nc6 3. d4 cxd4 4. Nxd4 g6 5. c3 Bg7 6. Be3 Nf6 7. Bd3 Qa5 8. b4 Qe5 9. Nd2 O-O 10. N2f3 Qc7
11. O-O d5 12. exd5 Nxd5 13. Rc1 Nxe3 14. fxe3 Bg4 15. Qb3 Nxd4 16. cxd4 Qd6 17. Nd2 Rad8 18. Bc4 Be6 19. Ne4 Qd7 20. Bxe6 Qxe6
21. Qxe6 fxe6 22. Rc7 Bh6 23. Rc3 b6 24. Rf3 e5 25. dxe5 Rd1+ 26. Kf2 Rxf3+ 27. gxf3 Ra1 28. Ra3 a5 29. bxa5 bxa5 30. Rxa5 Bf8
31. e6 Kg7 32. Ra8 h6 33. Nc5 Rd1 34. Nd7
1-0

[Event "Sicilian Accelerated Dragon"]
[Site "SchemingMind.com"]
[Date "2010.10.02"]
[Round "-"]
[White "XTC"]
[Black "PawnPusherPete"]
[Result "0-1"]
[WhiteCountry "COL"]
[BlackCountry "ENG"]
[WhiteElo "1860"]
[WhiteRD "64"]
[BlackElo "2227"]
[BlackRD "84"]
[GameID "262166"]

1. e4 c5 2. Nf3 Nc6 3. d4 cxd4 4. Nxd4 g6 5. Be3 Nf6 6. Nxc6 bxc6 7. Bd3 Bg7 8. c3 O-O 9. O-O Qc7 10. Nd2 Rb8
11. Rb1 d6 12. h3 Be6 13. b3 c5 14. c4 a5 15. Qc2 Bd7 16. Nf3 Bc6 17. Rfe1 a4 18. bxa4 Rxb1 19. Rxb1 Ra8 20. Bg5 Rxa4
0-1

[Event "Sicilian Accelerated Dragon"]
[Site "SchemingMind.com"]
[Date "2010.10.02"]
[Round "-"]
[White "PawnPusherPete"]
[Black "XTC"]
[Result "1-0"]
[WhiteCountry "ENG"]
[BlackCountry "COL"]
[WhiteElo "2227"]
[WhiteRD "84"]
[BlackElo "1860"]
[BlackRD "64"]
[GameID "262177"]

1. e4 c5 2. Nf3 Nc6 3. d4 cxd4 4. Nxd4 g6 5. c4 Nxd4 6. Qxd4 Nf6 7. e5 Nh5 8. Nc3 d6 9. g4 Ng7 10. exd6 Qxd6
11. Qxd6 exd6 12. Nd5 Ne6 13. Be3 Bg7 14. f4 Bxb2 15. Rb1 Bg7 16. f5
1-0

[Event "Sicilian Accelerated Dragon"]
[Site "SchemingMind.com"]
[Date "2010.10.05"]
[Round "-"]
[White "lemmie"]
[Black "Number34"]
[Result "0-1"]
[WhiteCountry "NED"]
[BlackCountry "USA"]
[WhiteElo "1803"]
[WhiteRD "65"]
[BlackElo "2322"]
[BlackRD "72"]
[GameID "262376"]

1. e4 c5 2. Nf3 Nc6 3. d4 cxd4 4. Nxd4 g6 5. c4 Nf6 6. Nxc6 bxc6 7. Nc3 Bg7 8. e5 Ng8 9. f4 Nh6 10. h3 O-O
11. Bd3 d6 12. O-O dxe5 13. fxe5 Qd4+ 14. Kh1 Qxe5 15. Bf4 Qd4 16. Bxh6 Bxh6 17. Qf3 Rb8 18. Rad1 Rxb2 19. Bxg6 Qxc4 20. Bd3 Qh4
21. Qxc6 Bxh3 22. Ne2 Bd7+
0-1

[Event "Sicilian Accelerated Dragon"]
[Site "SchemingMind.com"]
[Date "2010.10.05"]
[Round "-"]
[White "Number34"]
[Black "lemmie"]
[Result "1-0"]
[WhiteCountry "USA"]
[BlackCountry "NED"]
[WhiteElo "2322"]
[WhiteRD "72"]
[BlackElo "1803"]
[BlackRD "65"]
[GameID "262382"]

1. e4 c5 2. Nf3 Nc6 3. d4 cxd4 4. Nxd4 g6 5. Nc3 Bg7 6. Be3 Nf6 7. Bc4 Nxd4 8. Bxd4 O-O 9. Qd3 d6 10. O-O-O Bd7
11. Kb1 a6 12. Rhe1 b5 13. Bb3 Qc8 14. Bxf6 Bxf6 15. Nd5 Be6 16. Nb6
1-0

[Event "Sicilian Accelerated Dragon"]
[Site "SchemingMind.com"]
[Date "2010.10.07"]
[Round "-"]
[White "Sebastian Strauchler"]
[Black "marks"]
[Result "1-0"]
[WhiteCountry "ARG"]
[BlackCountry "PHI"]
[WhiteElo "2196"]
[WhiteRD "117"]
[BlackElo "1626"]
[BlackRD "93"]
[GameID "262728"]

1. e4 c5 2. Nf3 Nc6 3. d4 cxd4 4. Nxd4 g6 5. c4 Bg7 6. Be3 Nf6 7. Nc3 O-O 8. Be2 d6 9. O-O Bd7 10. Qd2 Nxd4
11. Bxd4 a6 12. f3 Qa5 13. Rfd1 Rad8 14. Nd5 Qxd2 15. Nxe7+ Kh8 16. Rxd2 Rfe8 17. Bb6 Ra8 18. Nd5 Nxd5 19. cxd5 Rac8 20. Kf2 f5
21. Bd3 fxe4 22. fxe4 Rf8+ 23. Kg1 Be5 24. Rb1 Kg7 25. Rc2 Rxc2 26. Bxc2 Rc8 27. Bd3 h6 28. h3 g5 29. b3 h5 30. Bc4 Rf8
31. Be3 g4 32. hxg4 hxg4 33. Rf1 Rxf1+ 34. Kxf1 g3 35. Be2 Kf6= 36. Bh5 Bc8 37. Ke2 Bd7 38. Kf3 Bb5 39. Bg4 Bd3 40. Bf4 b5
41. b4
1-0

[Event "Sicilian Accelerated Dragon"]
[Site "SchemingMind.com"]
[Date "2010.10.07"]
[Round "-"]
[White "marks"]
[Black "Sebastian Strauchler"]
[Result "0-1"]
[WhiteCountry "PHI"]
[BlackCountry "ARG"]
[WhiteElo "1626"]
[WhiteRD "93"]
[BlackElo "2196"]
[BlackRD "117"]
[GameID "262733"]

1. e4 c5 2. Nf3 Nc6 3. d4 cxd4 4. Nxd4 g6 5. Nc3 Bg7 6. Be3 Nf6 7. Bc4 O-O 8. Bb3 Qa5 9. O-O d6 10. f3 Bd7
11. Qd2 Rfc8 12. Rad1 Qa6 13. Nce2 Ne5 14. c3 Nc4 15. Bxc4 Qxc4 16. b3 Qa6 17. c4 b5 18. cxb5 Bxb5 19. Nxb5 Qxb5 20. Nd4 Qa6
21. Rc1 Nd7 22. f4 Nc5 23. Rxc5 dxc5 24. Nf3 c4 25. bxc4 Qxc4 26. e5 Qc2 27. Qd7 Rc7 28. Qd5 Rb8 29. Rc1 Qe2 30. Re1 Qc4
31. Qd2 Bf8 32. f5 gxf5 33. Ng5 Bg7
0-1

[Event "Sicilian Accelerated Dragon"]
[Site "SchemingMind.com"]
[Date "2010.10.20"]
[Round "-"]
[White "slotheman"]
[Black "jtrochez1"]
[Result "1-0"]
[WhiteCountry "USA"]
[BlackCountry "HON"]
[WhiteElo "1608"]
[WhiteRD "101"]
[BlackElo "1548"]
[BlackRD "51"]
[GameID "263975"]

1. e4 c5 2. Nf3 Nc6 3. d4 cxd4 4. Nxd4 g6 5. c4 Bg7 6. Be3 e5 7. Nb5 Bf8 8. Nd6+ Bxd6 9. Qxd6 Qe7 10. Bc5 Qxd6
11. Bxd6 Nge7 12. c5 a6 13. Nc3 O-O 14. Nd5 Nxd5 15. exd5 Nd4 16. Bxf8 Nc2+ 17. Kd2 Nxa1 18. Bd6 a5 19. Bxe5 a4 20. Bc4 Nb3+
21. axb3 axb3 22. Bxb3 Ra5 23. Bd6 h5 24. Re1 Rb5 25. Re8+ Kh7 26. Rxc8 Rxb3 27. Kc2 Rb5 28. Rc7 b6 29. Rxd7 Kg8 30. c6 Ra5
31. c7
1-0

[Event "Sicilian Accelerated Dragon"]
[Site "SchemingMind.com"]
[Date "2010.10.19"]
[Round "-"]
[White "clario"]
[Black "nimzoking"]
[Result "1/2-1/2"]
[WhiteCountry "RSA"]
[BlackCountry "ENG"]
[WhiteElo "2185"]
[WhiteRD "90"]
[BlackElo "2237"]
[BlackRD "86"]
[GameID "263978"]

1. e4 c5 2. Nf3 Nc6 3. d4 cxd4 4. Nxd4 g6 5. c4 Bg7 6. Be3 Nf6 7. Nc3 O-O 8. Be2 d6 9. O-O Bd7 10. Qd2 a5
11. Nxc6 Bxc6 12. f3 Nd7 13. Rad1 Qc7 14. Nb5 Qc8 15. Nd4 Nc5 16. Nxc6 bxc6 17. Rb1 a4 18. Rfd1 Ne6 19. Kh1 c5 20. Bd3 Ra6
21. f4 Rb6 22. f5 Nd4 23. Rf1 Qb7 24. Qd1 Rb8 25. Bg5 Nc6 26. Bc2= Rxb2 27. Rxb2 Bxb2 28. Bxa4 Nd4 29. Qb1 Qa8 30. Bd1 Nc6
31. Bb3 Be5 32. h3 f6 33. Be3 g5 34. Qd3 Nb4 35. Qb1 Kg7 36. Bg1 Nc6 37. Bh2 Bxh2 38. Kxh2 Qa3 39. Qc1 Qxc1 40. Rxc1 Nd4
41. Rb1 Nc6 42. Rc1 h5 43. Ba4 Na7 44. Rc2 Kf7=
1/2-1/2

[Event "Sicilian Accelerated Dragon"]
[Site "SchemingMind.com"]
[Date "2010.10.20"]
[Round "-"]
[White "jtrochez1"]
[Black "slotheman"]
[Result "0-1"]
[WhiteCountry "HON"]
[BlackCountry "USA"]
[WhiteElo "1581"]
[WhiteRD "48"]
[BlackElo "1674"]
[BlackRD "96"]
[GameID "263983"]

1. e4 c5 2. Nf3 Nc6 3. d4 cxd4 4. Nxd4 g6 5. c3 Bg7 6. Be3 Nf6 7. Bd3 d5 8. Nd2 Ng4 9. O-O O-O 10. Re1 Be5
11. N2f3 Qd6 12. Nxe5 Nxe3 13. Rxe3 Nxe5 14. h3 Bd7 15. exd5 Nxd3 16. Qxd3 Qxd5 17. c4 Qg5 18. Rae1 Rfe8 19. Rg3 Qa5 20. Ra1 e5
21. Nb3 Qc7 22. Rc1 Ba4 23. Qe3 Rad8 24. Nc5 Rd1+ 25. Rxd1 Bxd1 26. Ne4 Re6 27. b3 b6 28. Qd3 Qc6 29. Ng5 Rd6 30. Qe3 f6
31. Nf3 Bc2 32. Kh2 Qd7 33. c5 Rd1 34. Ne1 Bb1 35. a4 Qc6 36. cxb6 axb6 37. Qe2 Qc1 38. Re3 Rd2 39. Qf3 Kg7 40. Nd3 Qa3
41. Nxe5 fxe5 42. Rxe5 Qd6 43. Qg3 Qf6 44. f4 Rb2 45. Re3 Bc2 46. f5 Bxf5 47. Qc7+ Kh6 48. Re7 g5 49. Re3 Bc2 50. a5 bxa5
51. Qxa5 Qf4+ 52. Rg3 Rxb3
0-1

[Event "Sicilian Accelerated Dragon"]
[Site "SchemingMind.com"]
[Date "2010.10.19"]
[Round "-"]
[White "nimzoking"]
[Black "clario"]
[Result "1-0"]
[WhiteCountry "ENG"]
[BlackCountry "RSA"]
[WhiteElo "2237"]
[WhiteRD "86"]
[BlackElo "2185"]
[BlackRD "90"]
[GameID "263986"]

1. e4 c5 2. Nf3 Nc6 3. d4 cxd4 4. Nxd4 g6 5. Nc3 Bg7 6. Nxc6 bxc6 7. Bc4 Bxc3+ 8. bxc3 Nf6 9. e5 Qa5 10. Qd4 Nd5
11. Bd2 O-O 12. O-O Ba6 13. Bxa6 Qxa6 14. c4 Nb6 15. Bh6 Rfd8 16. c5 Qa4 17. Qd3 Nc4 18. Qc3 Rab8 19. e6 f6 20. exd7 Rxd7
21. a3 Rbd8 22. Rae1 e5 23. Re4 Rd4 24. Rxd4 Rxd4 25. f4 Qxa3 26. Qxa3 Nxa3 27. fxe5 f5 28. Ra1 Nb5 29. Ra6 Rh4 30. Bg5 Re4
31. Rxc6 Rxe5 32. Rc8+ Kf7 33. c4 Nc3 34. Rc7+ Ke8 35. c6 Rc5 36. Re7+ Kf8 37. c7 h6 38. Bh4 g5 39. Rd7 gxh4 40. Rd8+ Ke7
41. c8=Q Rxc8 42. Rxc8 a5 43. Rc5 a4 44. Rxf5 Ke6 45. Rh5 a3 46. Rxh6+ Ke5 47. Ra6 a2 48. c5 Kd5 49. c6 Kd6 50. Kf2 Kc7
51. Kf3 Kd6 52. Kg4 Kc7 53. Kxh4
1-0

[Event "Sicilian Accelerated Dragon"]
[Site "SchemingMind.com"]
[Date "2010.10.20"]
[Round "-"]
[White "jarkus"]
[Black "Clive Everill"]
[Result "0-1"]
[WhiteCountry "POL"]
[BlackCountry "CZE"]
[WhiteElo "1587"]
[WhiteRD "72"]
[BlackElo "1707"]
[BlackRD "50"]
[GameID "264186"]

1. e4 c5 2. Nf3 Nc6 3. d4 cxd4 4. Nxd4 g6 5. Bb5 Bg7 6. Nxc6 bxc6 7. Ba4 Qa5+ 8. Nc3 Bxc3+ 9. bxc3 Qxa4 10. O-O Qxe4
11. Re1 Qc4 12. Bd2 Nf6 13. Bg5 Qxc3 14. Qe2 e6 15. Rad1 O-O 16. Rd3 Qb2 17. c3 Qxe2 18. Rxe2 Ba6 19. Ree3 Bxd3 20. Rxd3 Ne4
21. Be7 Rfb8 22. g3 d5 23. f3 Rb1+ 24. Kg2 Rb2+ 25. Kh3 Nf2+
0-1

[Event "Sicilian Accelerated Dragon"]
[Site "SchemingMind.com"]
[Date "2010.10.19"]
[Round "-"]
[White "Clive Everill"]
[Black "jarkus"]
[Result "1-0"]
[WhiteCountry "CZE"]
[BlackCountry "POL"]
[WhiteElo "1707"]
[WhiteRD "50"]
[BlackElo "1587"]
[BlackRD "72"]
[GameID "264191"]

1. e4 c5 2. Nf3 Nc6 3. d4 cxd4 4. Nxd4 g6 5. Nxc6 bxc6 6. Be2 Nf6 7. Nc3 e5 8. Bg5 Be7 9. Bh6 Bb4 10. O-O Ng8
11. Bg7 Nf6 12. Bxh8 d6 13. Bxf6 Qxf6 14. Nb1 Rb8 15. c3 Ba5 16. b4 Bb6 17. a4 Qg5 18. Qxd6 Bh3 19. Qxb8+ Bd8 20. Bf3 h5
21. Na3 h4 22. Nc4 Bxg2 23. Qxe5+ Qxe5 24. Nxe5 Bxf1 25. Kxf1 Bc7 26. Nxc6 Bxh2 27. Nxa7
1-0

[Event "Sicilian Accelerated Dragon"]
[Site "SchemingMind.com"]
[Date "2010.10.30"]
[Round "-"]
[White "Number34"]
[Black "Sebastian Strauchler"]
[Result "1-0"]
[WhiteCountry "USA"]
[BlackCountry "ARG"]
[WhiteElo "2350"]
[WhiteRD "72"]
[BlackElo "2189"]
[BlackRD "112"]
[GameID "265034"]

1. e4 c5 2. Nf3 Nc6 3. d4 cxd4 4. Nxd4 g6 5. c4 Nf6 6. Nc3 Nxd4 7. Qxd4 d6 8. Bg5 Bg7 9. Be2 O-O 10. Qd2 Be6
11. Rc1 Qa5 12. f3 Rfc8 13. b3 a6 14. Nd5 Qxd2+ 15. Kxd2 Nxd5 16. cxd5 f6 17. Be3 Bd7 18. g4 Rxc1 19. Rxc1 Rc8 20. Rxc8+ Bxc8
21. Kc3 f5+ 22. Kb4 fxe4 23. fxe4 Kf7 24. Ka5 Ke8 25. Kb6 Kd8 26. Ka7 h6 27. Bb6+ Kd7 28. Kb8 g5 29. b4 Bc3 30. Bd1
1-0

[Event "Sicilian Accelerated Dragon"]
[Site "SchemingMind.com"]
[Date "2010.10.31"]
[Round "-"]
[White "Sebastian Strauchler"]
[Black "Number34"]
[Result "0-1"]
[WhiteCountry "ARG"]
[BlackCountry "USA"]
[WhiteElo "2203"]
[WhiteRD "106"]
[BlackElo "2368"]
[BlackRD "68"]
[GameID "265036"]

1. e4 c5 2. Nf3 Nc6 3. d4 cxd4 4. Nxd4 g6 5. Nc3 Bg7 6. Be3 d6 7. Bc4 Nf6 8. f3 Bd7 9. Qd2 Rc8 10. Bb3 Ne5
11. O-O-O Nc4 12. Bxc4 Rxc4 13. g4 O-O 14. Kb1 a6 15. h4 h5 16. gxh5 Nxh5 17. Nde2 Be6 18. Rdg1 Qa5 19. Bd4 Rxd4 20. Nxd4 Bxa2+
21. Kc1 Bf6 22. Nxa2 Qxa2 23. c3 Ng3 24. Nc2 Nxh1 25. h5 Kg7 26. Rxh1 Rh8 27. h6+ Kh7 28. f4 Rc8 29. Re1 Rc5 30. Nb4 Qc4
31. Nd5 Bh4 32. Re2 Ra5 33. Kc2 Rb5 34. Kb1 f5
0-1

[Event "Sicilian Accelerated Dragon"]
[Site "SchemingMind.com"]
[Date "2010.11.04"]
[Round "-"]
[White "Nut"]
[Black "PawnPusherPete"]
[Result "1-0"]
[WhiteCountry "USA"]
[BlackCountry "ENG"]
[WhiteElo "1993"]
[WhiteRD "75"]
[BlackElo "2238"]
[BlackRD "70"]
[GameID "265620"]

1. e4 c5 2. Nf3 Nc6 3. d4 cxd4 4. Nxd4 g6 5. c4 Nf6 6. Nc3 d6 7. Be2 Nxd4 8. Qxd4 Bg7 9. Be3 O-O 10. Qd2 Be6
11. O-O Rc8 12. b3 Qa5 13. Rac1 Rfd8 14. f3 a6 15. b4 Qc7 16. Nd5 Bxd5 17. cxd5 Qd7 18. Rb1 b5 19. a4 Ra8 20. Rfc1 Rdc8
21. Rxc8+ Rxc8 22. axb5 axb5 23. Rc1 Ra8 24. Qc2 e6 25. Qc6 Rb8 26. Rd1 Bf8 27. Bg5 Qa7+ 28. Kh1 Nd7 29. dxe6 fxe6 30. Bf4 Rb6
31. Qc2 Qb8 32. Qa2 Kf7 33. Be3 Rb7 34. f4 Nf6 35. f5 Qe8 36. Qa6 Rb8 37. Ba7 Ra8 38. Qb7+ Kg8 39. fxe6 Rc8 40. Rf1 Be7
41. Bxb5 Qd8 42. Bb6 Qf8 43. Bc7
1-0

[Event "Sicilian Accelerated Dragon"]
[Site "SchemingMind.com"]
[Date "2010.11.03"]
[Round "-"]
[White "PawnPusherPete"]
[Black "Nut"]
[Result "1-0"]
[WhiteCountry "ENG"]
[BlackCountry "USA"]
[WhiteElo "2238"]
[WhiteRD "70"]
[BlackElo "1993"]
[BlackRD "75"]
[GameID "265625"]

1. e4 c5 2. Nf3 Nc6 3. d4 cxd4 4. Nxd4 g6 5. c4 Bg7 6. Be3 Nf6 7. Nc3 Ng4 8. Qxg4 Bxd4 9. Bxd4 Nxd4 10. O-O-O e5
11. f4 d6 12. Qg3 f6 13. f5 Kf7 14. Ne2 Nxe2+ 15. Bxe2 Qc7 16. Qa3 Qc6 17. Rd5 Rd8 18. g4 b5 19. Rhd1 Qc7 20. Rxd6 Rxd6
21. Qxd6 Qxd6 22. Rxd6 gxf5 23. exf5 Ke7 24. c5 Bd7 25. b4 h5 26. g5 Rf8 27. gxf6+ Rxf6 28. Rxf6 Kxf6 29. Bxh5 Kxf5 30. Kd2 Kf4
31. Be2 e4 32. h4 e3+ 33. Kc3 Bg4 34. Bxb5 Kg3 35. c6 Kxh4 36. c7 Kg3 37. Kd4 Kf2 38. a4 Bc8 39. a5 a6 40. Bd3 Kf3
41. b5 axb5 42. Bxb5 e2 43. Bxe2+ Kxe2 44. Kc5 Kd3 45. Kb6
1-0

[Event "Sicilian Accelerated Dragon"]
[Site "SchemingMind.com"]
[Date "2011.01.14"]
[Round "-"]
[White "Clive Everill"]
[Black "slotheman"]
[Result "1-0"]
[WhiteCountry "CZE"]
[BlackCountry "USA"]
[WhiteElo "1679"]
[WhiteRD "53"]
[BlackElo "1648"]
[BlackRD "84"]
[GameID "272370"]

1. e4 c5 2. Nf3 Nc6 3. d4 cxd4 4. Nxd4 g6 5. Nxc6 bxc6 6. Be2 d6 7. Qd4 Nf6 8. Bg5 Bg7 9. Nd2 O-O 10. c3 Ng4
11. Qd3 Ne5 12. Qc2 Re8 13. f4 Nd7 14. O-O Qb6+ 15. Kh1 h6 16. Bh4 Bb7 17. Nc4 Qc7 18. Rad1 e5 19. fxe5 Bxe5 20. Nxe5 Rxe5
21. Bg3 Ree8 22. Bxd6 Qa5 23. b4 Qg5 24. Bf4 Qe7 25. Bxh6 c5 26. Bf3 cxb4 27. cxb4 Bxe4 28. Bxe4 Qxe4 29. Qxe4 Rxe4 30. Rxd7 Rae8
31. Rdxf7 Re1 32. h3 R8e7 33. Rf8+ Kh7 34. Bg5 R7e2 35. Kg1 Kg7 36. Rf6 Rxf1+ 37. Kxf1 Rxa2 38. b5 Rb2 39. Ra6 Rxb5 40. Be3 Rf5+
41. Ke2 Rf7 42. Bxa7 Re7+ 43. Kf3 Rf7+ 44. Kg4 Rf6 45. Bd4
1-0

[Event "Sicilian Accelerated Dragon"]
[Site "SchemingMind.com"]
[Date "2011.01.14"]
[Round "-"]
[White "slotheman"]
[Black "Clive Everill"]
[Result "0-1"]
[WhiteCountry "USA"]
[BlackCountry "CZE"]
[WhiteElo "1622"]
[WhiteRD "90"]
[BlackElo "1688"]
[BlackRD "52"]
[GameID "272376"]

1. e4 c5 2. Nf3 Nc6 3. d4 cxd4 4. Nxd4 g6 5. c4 Qb6 6. Nb3 Bg7 7. Be3 Qc7 8. Qd2 Nf6 9. f3 O-O 10. Nc3 a6
11. Bd3 Nb4 12. O-O-O Ne8 13. Nd4 b5 14. b3 Nd6 15. cxb5 axb5 16. Nxb5 Nxb5 17. Bxb5 Rxa2 18. Bf4 Rxd2 19. Bxc7 Rc2+ 20. Kb1 Bxc3
0-1

[Event "Sicilian Accelerated Dragon"]
[Site "SchemingMind.com"]
[Date "2011.01.22"]
[Round "-"]
[White "nimzoking"]
[Black "Wojciech  Langer"]
[Result "1-0"]
[WhiteCountry "ENG"]
[BlackCountry "INT"]
[WhiteElo "2209"]
[WhiteRD "90"]
[BlackElo "1570"]
[BlackRD "101"]
[GameID "273397"]

1. e4 c5 2. Nf3 Nc6 3. d4 cxd4 4. Nxd4 g6 5. Nxc6 bxc6 6. Nc3 Bg7 7. Bc4 e5 8. O-O Bh6 9. f4 Qe7 10. fxe5 Qc5+
11. Rf2 Qxc4 12. e6 dxe6 13. Qf3 e5 14. Nd5 Kd8 15. Bxh6 cxd5 16. Bg5+ Ne7 17. Bxe7+ Kc7 18. Qf6 Be6 19. Re1 Qb5 20. Qxe5+ Kb7
21. Re3 Qd7 22. Rb3+ Kc8 23. Qxh8+
1-0

[Event "Sicilian Accelerated Dragon"]
[Site "SchemingMind.com"]
[Date "2011.01.22"]
[Round "-"]
[White "Wojciech  Langer"]
[Black "nimzoking"]
[Result "1/2-1/2"]
[WhiteCountry "INT"]
[BlackCountry "ENG"]
[WhiteElo "1570"]
[WhiteRD "101"]
[BlackElo "2209"]
[BlackRD "90"]
[GameID "273404"]

1. e4 c5 2. Nf3 Nc6 3. d4 cxd4 4. Nxd4 g6 5. Be3 Bg7 6. Bc4 Nf6 7. Nc3 O-O 8. O-O Nxe4 9. Nxc6 bxc6 10. Bxf7+ Rxf7
11. Nxe4 Bxb2 12. Rb1 Bg7 13. Qd2 d5 14. Ng3 Ba6 15. Rfd1 Qc7 16. Bd4 e5 17. Bc5 e4 18. Qe3 Qa5 19. a3 Qc3 20. Qxc3 Bxc3
21. Bd4 Bxd4 22. Rxd4 Raf8 23. Rd2 Kg7 24. h3 Bc4=
1/2-1/2

[Event "Sicilian Accelerated Dragon"]
[Site "SchemingMind.com"]
[Date "2011.02.28"]
[Round "-"]
[White "nimzoking"]
[Black "PawnPusherPete"]
[Result "1-0"]
[WhiteCountry "ENG"]
[BlackCountry "ENG"]
[WhiteElo "2245"]
[WhiteRD "88"]
[BlackElo "2260"]
[BlackRD "74"]
[GameID "276790"]

1. e4 c5 2. Nf3 Nc6 3. d4 cxd4 4. Nxd4 g6 5. Nc3 Bg7 6. Be3 d6 7. Bc4 Nf6 8. h3 O-O 9. Bb3 Na5 10. O-O b6
11. Re1 Bb7 12. Bg5 Nxb3 13. axb3 h6 14. Bh4 Qd7 15. Qd2 Nh5 16. f3 e5 17. Nde2 f5 18. Ng3 Nf4 19. Nge2 g5 20. Bf2 fxe4
21. Nxf4 Rxf4 22. Nxe4 d5 23. c4 Qe6 24. cxd5 Bxd5 25. b4 Rf7 26. Rac1 Rd7 27. Qe2 Bf8= 28. b5 Bb4 29. Red1 Rad8 30. Rxd5 Rxd5
31. Rc6 R8d6 32. Nxd6 Bxd6 33. Be1 Rc5 34. b4 Rd5 35. Bc3 Kf7 36. Kf2 Qf5 37. Qa2 Ke6 38. Rc8 Qd3 39. Rh8 Qg6 40. Kg1 h5
41. Bd2 h4 42. Qc4 Be7 43. Kh1 Qb1+ 44. Bc1 Qg6 45. Kh2 Bd6 46. Qc8+ Kf7 47. Qb7+ Ke6 48. Rh7 Bxb4 49. Bxg5
1-0

[Event "Sicilian Accelerated Dragon"]
[Site "SchemingMind.com"]
[Date "2011.02.27"]
[Round "-"]
[White "PawnPusherPete"]
[Black "nimzoking"]
[Result "1/2-1/2"]
[WhiteCountry "ENG"]
[BlackCountry "ENG"]
[WhiteElo "2260"]
[WhiteRD "74"]
[BlackElo "2245"]
[BlackRD "88"]
[GameID "276799"]

1. e4 c5 2. Nf3 Nc6 3. d4 cxd4 4. Nxd4 g6 5. c4 Bg7 6. Be3 Nf6 7. Nc3 O-O 8. Be2 d6 9. O-O Nxd4 10. Bxd4 Bd7
11. Qd2 Bc6 12. Bd3 e6 13. Rad1 Rc8 14. b4 b6 15. f3 Qe7 16. a3 Rfd8 17. Rfe1 Ne8 18. Bf2 Nc7 19. Bf1 Ba8 20. Bg3 Bf6
21. Qe3 Ne8 22. Rd2 h5 23. Red1 h4 24. Bf2 Bg5 25. f4 Bh6 26. Qf3 Qf6 27. g3 e5 28. Nd5 Bxd5 29. Rxd5 Nc7 30. R5d2 hxg3
31. hxg3 exf4 32. Be3 Ne6 33. Rf2 g5 34. Bc1 Kf8 35. gxf4 Nxf4 36. Qg4 Qe6 37. Qxe6 fxe6 38. Rh2 Kg7 39. Bxf4 gxf4 40. Kf2 Bg5
41. Kf3 Kf6 42. Rh5 Kg6 43. Rh2 e5 44. Be2 Rc7 45. Rg1 Rg7 46. Rhg2 Kf6 47. Rd1 Rh7 48. Kf2 Rh3=
1/2-1/2

[Event "Sicilian Accelerated Dragon"]
[Site "SchemingMind.com"]
[Date "2011.03.14"]
[Round "-"]
[White "Clive Everill"]
[Black "Number34"]
[Result "0-1"]
[WhiteCountry "CZE"]
[BlackCountry "USA"]
[WhiteElo "1689"]
[WhiteRD "54"]
[BlackElo "2345"]
[BlackRD "67"]
[GameID "278329"]

1. e4 c5 2. Nf3 Nc6 3. d4 cxd4 4. Nxd4 g6 5. Nxc6 bxc6 6. Be2 Bg7 7. c3 Nf6 8. Nd2 O-O 9. f4 d6 10. O-O Rb8
11. b3 Qc7 12. Bd3 Ng4 13. Nc4 Bxc3 14. Rb1 Bd4+ 15. Ne3 Bxe3+ 16. Bxe3 Nxe3 17. Qf3 Nxf1 18. Rxf1 Qb6+ 19. Kh1 Ba6 20. h3 d5
21. exd5 cxd5 22. Bxa6 Qxa6 23. Qxd5 Qxf1+
0-1

[Event "Sicilian Accelerated Dragon"]
[Site "SchemingMind.com"]
[Date "2011.03.14"]
[Round "-"]
[White "Number34"]
[Black "Clive Everill"]
[Result "1-0"]
[WhiteCountry "USA"]
[BlackCountry "CZE"]
[WhiteElo "2345"]
[WhiteRD "67"]
[BlackElo "1689"]
[BlackRD "54"]
[GameID "278333"]

1. e4 c5 2. Nf3 Nc6 3. d4 cxd4 4. Nxd4 g6 5. Nc3 Bg7 6. Nb3 Bxc3+ 7. bxc3 Nf6 8. Bd3 d6 9. O-O O-O 10. Rb1 Bg4
11. Qe1 e5 12. Bg5 Kg7 13. f3 Bd7 14. Qh4 Rh8 15. Qh6+ Kg8 16. Nd2 b6 17. Be2 Qe7 18. f4 Bg4 19. Bb5 Nd8 20. fxe5 dxe5
21. Bxf6 Qf8 22. Qxf8+ Kxf8 23. Bxh8 a6 24. Bc4 b5 25. Bd5 Rc8 26. Bxe5 Be6 27. c4 bxc4 28. Rb6 Bxd5 29. exd5 a5 30. Bf6
1-0